[Event "Thüringenliga 2011/2012"]
[Site "?"]
[Date "2012.01.08"]
[Round "5"]
[White "Schmidt, Matthias"]
[Black "Rensch, Toralf"]
[Result "1/2-1/2"]
[WhiteElo "1969"]
[BlackElo "2047"]
[PlyCount "58"]
[EventDate "2011.??.??"]
[WhiteTeam "TSG Apolda"]
[BlackTeam "SSV Vimaria 91 Weimar"]

1. e4 Nc6 2. Nc3 e5 3. Bc4 Nf6 4. d3 Bc5 5. Nf3 d6 6. h3 Be6 7. Bb3 Qd7 8. Bg5
a6 9. Nd5 Bxd5 10. exd5 Nd4 11. Bxf6 gxf6 12. Nxd4 exd4 13. Qe2+ Qe7 14. Qxe7+
Kxe7 15. Kd2 f5 16. Rae1+ Kf6 17. Re2 Rae8 18. c3 Rxe2+ 19. Kxe2 Re8+ 20. Kf3
Re7 21. c4 Bb4 22. Rd1 c6 23. dxc6 bxc6 24. Ba4 Rc7 25. Rc1 Bd2 26. Rc2 Bh6 27.
Re2 Rc8 28. Bd1 Rb8 29. b3 Rd8 1/2-1/2

[Event "Thüringenliga 2011/2012"]
[Site "?"]
[Date "2012.01.08"]
[Round "5"]
[White "Riedel, Finn"]
[Black "Steiger, Jürgen"]
[Result "1/2-1/2"]
[WhiteElo "2027"]
[BlackElo "1932"]
[PlyCount "24"]
[EventDate "2011.??.??"]
[WhiteTeam "SSV Vimaria 91 Weimar"]
[BlackTeam "TSG Apolda"]

1. b4 e5 2. Bb2 d6 3. e4 Nf6 4. d3 g6 5. g3 Bg7 6. Bg2 Be6 7. Nf3 O-O 8. O-O a5
9. bxa5 Rxa5 10. c4 h6 11. Bc3 Ra6 12. Nbd2 c5 1/2-1/2

[Event "Thüringenliga 2011/2012"]
[Site "?"]
[Date "2012.01.08"]
[Round "5"]
[White "Krug, Klaus-Peter"]
[Black "Philipp, Michael"]
[Result "0-1"]
[WhiteElo "1954"]
[BlackElo "1936"]
[PlyCount "104"]
[EventDate "2011.??.??"]
[WhiteTeam "TSG Apolda"]
[BlackTeam "SSV Vimaria 91 Weimar"]

1. d4 f5 2. f3 d5 3. Nh3 Nf6 4. e3 e6 5. b3 Bd6 6. Ba3 O-O 7. Bd3 Bxa3 8. Nxa3
Qe7 9. Qc1 e5 10. dxe5 Qxe5 11. O-O Nc6 12. c3 Bd7 13. Qd2 Rae8 14. Rae1 Kh8
15. Nc2 Ne7 16. Kh1 c5 17. a4 Qd6 18. Rd1 c4 19. Bxc4 Qc5 20. Bd3 Rc8 21. Nd4
Qxc3 22. Rf2 Qxd2 23. Rfxd2 Rc3 24. Nf2 Nc6 25. Nxc6 bxc6 26. Rb1 Rb8 27. b4 a5
28. b5 Ra3 29. b6 Rxa4 30. Rdb2 c5 31. Ba6 c4 32. Nd1 Ra3 33. b7 a4 34. e4 fxe4
35. fxe4 Nxe4 36. Re2 Rb3 37. Ra1 Rb6 38. Bxc4 dxc4 39. Rxe4 Rb4 40. Ne3 Bb5
41. Re7 Ba6 42. Re1 R4xb7 43. Rxb7 Rxb7 44. Nf5 h6 45. h4 a3 46. Ra1 Rb3 47.
Nd4 Re3 48. Kg1 Bb7 49. Kf2 Rd3 50. Ne2 Be4 51. g3 Rb3 52. Nd4 Kh7 0-1

[Event "Thüringenliga 2011/2012"]
[Site "?"]
[Date "2012.01.08"]
[Round "5"]
[White "Stiefel, Roland"]
[Black "Neubauer, Ralf"]
[Result "1/2-1/2"]
[WhiteElo "1985"]
[BlackElo "1848"]
[PlyCount "123"]
[EventDate "2011.??.??"]
[WhiteTeam "SSV Vimaria 91 Weimar"]
[BlackTeam "TSG Apolda"]

1. d4 d5 2. Bf4 c6 3. c3 g6 4. Nd2 Bg7 5. Ngf3 Nf6 6. h3 Nbd7 7. e3 O-O 8. b4
a5 9. a4 b6 10. Qb3 c5 11. bxc5 bxc5 12. Qa3 Ba6 13. Bxa6 Rxa6 14. Rb1 cxd4 15.
cxd4 Nb6 16. Rb5 Qc8 17. O-O Qc2 18. Nb3 Re8 19. Rc1 Nc4 20. Qa1 Qe2 21. Nc5
Rc6 22. Re1 Qc2 23. Ne5 Nxe5 24. Bxe5 Ne4 25. Nxe4 Bxe5 26. Nc5 Rxc5 27. Rxc5
Qxc5 28. dxc5 Bxa1 29. Rxa1 Rc8 30. Rc1 Kf8 31. Kf1 Ke8 32. Ke2 Kd7 33. Kd3 e5
34. e4 dxe4+ 35. Kxe4 Ke6 36. g4 f5+ 37. Ke3 Rc7 38. f4 exf4+ 39. Kxf4 fxg4 40.
hxg4 Kd5 41. Kg5 h5 42. gxh5 gxh5 43. Kxh5 Rxc5 44. Rb1 Kd4+ 45. Kg4 Rc4 46.
Kf3 Rxa4 47. Rb8 Rb4 48. Rc8 Kd3 49. Kf2 Kd2 50. Rd8+ Kc2 51. Ke3 a4 52. Rc8+
Kb2 53. Kd3 a3 54. Rc2+ Kb1 55. Re2 Rb3+ 56. Kc4 Rb2 57. Re1+ Ka2 58. Kc3 Rh2
59. Rf1 Rb2 60. Re1 Rb3+ 61. Kc2 Rb2+ 62. Kc3 1/2-1/2

[Event "Thüringenliga 2011/2012"]
[Site "?"]
[Date "2012.01.08"]
[Round "5"]
[White "Römer, Norbert"]
[Black "Gulich, Christian"]
[Result "1-0"]
[WhiteElo "1803"]
[BlackElo "1963"]
[PlyCount "35"]
[EventDate "2011.??.??"]
[WhiteTeam "TSG Apolda"]
[BlackTeam "SSV Vimaria 91 Weimar"]

1. c4 f5 2. Nc3 Nf6 3. g3 g6 4. Bg2 Bg7 5. d3 O-O 6. e4 fxe4 7. dxe4 d6 8. Nge2
Nc6 9. O-O Rb8 10. Nd5 e6 11. Ndc3 e5 12. h3 Be6 13. Nd5 Qd7 14. Kh2 b5 15.
cxb5 Rxb5 16. Qa4 Rfb8 17. Nec3 Ra5 18. Qxc6 1-0

[Event "Thüringenliga 2011/2012"]
[Site "?"]
[Date "2012.02.05"]
[Round "6"]
[White "Bräuer, Franz"]
[Black "Recknagel, Michael"]
[Result "1-0"]
[WhiteElo "2260"]
[BlackElo "2224"]
[PlyCount "101"]
[EventDate "2011.??.??"]
[WhiteTeam "SV Jenapharm Jena"]
[BlackTeam "SC Suhl"]

1. e4 c6 2. Nc3 d5 3. d4 dxe4 4. Nxe4 Nd7 5. Ng5 Ngf6 6. Bd3 e6 7. N1f3 Bd6 8.
Qe2 h6 9. Ne4 Nxe4 10. Qxe4 Qc7 11. Qg4 Kf8 12. O-O c5 13. c3 b6 14. Re1 Bb7
15. Bd2 Re8 16. h4 g6 17. Re2 c4 18. Bc2 Kg7 19. Rae1 Bd5 20. Ne5 Nxe5 21. dxe5
Be7 22. h5 g5 23. f4 Rhg8 24. fxg5 hxg5 25. h6+ Kh8 26. Rf1 Ref8 27. Be3 b5 28.
Kh1 Bc6 29. Ref2 Be8 30. Bd4 a6 31. Kg1 Qb7 32. Be4 Qc7 33. Bb1 Qb7 34. Qe2 Qd5
35. Qc2 Rg6 36. Qxg6 fxg6 37. Rxf8+ Bxf8 38. Rxf8+ Kh7 39. Rxe8 b4 40. Re7+
Kxh6 41. Rf7 bxc3 42. bxc3 a5 43. a4 Qa8 44. Rf6 Qb7 45. Bxg6 Qb2 46. Bd3+ Kh5
47. Bxc4 Qa1+ 48. Rf1 Qxa4 49. Bxe6 Qc6 50. Bf7+ Kg4 51. e6 1-0

[Event "Thüringenliga 2011/2012"]
[Site "?"]
[Date "2012.02.05"]
[Round "6"]
[White "Silberschlag, Jörg"]
[Black "Neidig, Stefan"]
[Result "1/2-1/2"]
[WhiteElo "2092"]
[BlackElo "2092"]
[PlyCount "88"]
[EventDate "2011.??.??"]
[WhiteTeam "SC Suhl"]
[BlackTeam "SV Jenapharm Jena"]

1. e4 c5 2. Nf3 Nc6 3. Nc3 e6 4. d4 cxd4 5. Nxd4 Qc7 6. g3 a6 7. Bg2 Nf6 8. O-O
Nxd4 9. Qxd4 Bc5 10. Qd3 O-O 11. Bf4 d6 12. a3 e5 13. Bg5 Be6 14. Bxf6 gxf6 15.
Nd5 Qd8 16. Kh1 Kh8 17. f4 Rc8 18. c3 Rg8 19. Rad1 Ba7 20. b4 Rg7 21. Rb1 Bd7
22. Rfd1 Ba4 23. Rd2 exf4 24. Nxf4 Qe7 25. Rc1 Qe5 26. Nd5 Rcg8 27. Nf4 Bc6 28.
c4 f5 29. Qxd6 Qxd6 30. Rxd6 fxe4 31. Nh5 Rg6 32. Rxg6 hxg6 33. Nf6 Rd8 34.
Bxe4 Kg7 35. Bxc6 bxc6 36. Ne4 Rd3 37. Rc3 Rd4 38. Nf2 Rd2 39. Nd3 Bd4 40. Rb3
g5 41. Nc5 Rd1+ 42. Kg2 g4 43. h3 Rd2+ 44. Kh1 Rd1+ 1/2-1/2

[Event "Thüringenliga 2011/2012"]
[Site "?"]
[Date "2012.02.05"]
[Round "6"]
[White "Middelhoff, Cornelius"]
[Black "Berghof, Axel"]
[Result "1-0"]
[WhiteElo "2011"]
[BlackElo "2036"]
[PlyCount "59"]
[EventDate "2011.??.??"]
[WhiteTeam "SV Jenapharm Jena"]
[BlackTeam "SC Suhl"]

1. d4 d5 2. c4 e6 3. Nc3 c6 4. Nf3 f5 5. Bg5 Nf6 6. e3 Be7 7. Bd3 O-O 8. Qc2 a6
9. cxd5 cxd5 10. Rc1 Nc6 11. a3 Bd7 12. h3 Rc8 13. Bf4 Ne4 14. O-O Nxc3 15.
Qxc3 Ne5 16. Bxe5 Rxc3 17. Rxc3 g5 18. Bc7 Qe8 19. Ne5 Bb5 20. Rfc1 Qh5 21.
Bxb5 axb5 22. f3 Qh4 23. Rb3 b4 24. axb4 Rc8 25. Rbc3 Bxb4 26. R3c2 Be1 27. Nd3
Rxc7 28. Rxc7 Bd2 29. Ra1 Bxe3+ 30. Kf1 1-0

[Event "Thüringenliga 2011/2012"]
[Site "?"]
[Date "2012.02.05"]
[Round "6"]
[White "Feld-Gerdes, Wolfgang"]
[Black "Darr, Sascha"]
[Result "1-0"]
[WhiteElo "2013"]
[BlackElo "2068"]
[PlyCount "91"]
[EventDate "2011.??.??"]
[WhiteTeam "SC Suhl"]
[BlackTeam "SV Jenapharm Jena"]

1. e4 c6 2. d4 d5 3. Nc3 dxe4 4. Nxe4 Bf5 5. Ng3 Bg6 6. h4 h6 7. Nf3 e6 8. h5
Bh7 9. Bd3 Bxd3 10. Qxd3 Nf6 11. Bd2 Nbd7 12. O-O-O Bd6 13. Ne4 Nxe4 14. Qxe4
Nf6 15. Qe2 Qc7 16. Kb1 O-O-O 17. c4 Kb8 18. Bc3 Ka8 19. Ne5 c5 20. f4 Rhf8 21.
g4 Ng8 22. Rh3 Ne7 23. dxc5 Qxc5 24. Nd3 Qxc4 25. Bxg7 Nd5 26. Bxf8 Rxf8 27.
Qc2 Qxc2+ 28. Kxc2 Nxf4 29. Nxf4 Bxf4 30. Rd7 Kb8 31. Rb3 Rc8+ 32. Rc3 Rf8 33.
Rf3 e5 34. Kd3 f5 35. gxf5 Rxf5 36. Rh3 Rg5 37. Ke4 Rg2 38. Rb3 b6 39. a4 Re2+
40. Kf5 Bc1 41. a5 Rxb2 42. Rxb2 Bxb2 43. a6 Bd4 44. Ke4 b5 45. Rb7+ Kc8 46.
Rxb5 1-0

[Event "Thüringenliga 2011/2012"]
[Site "?"]
[Date "2012.02.05"]
[Round "6"]
[White "Kloß, Thomas"]
[Black "Koch, Stefan"]
[Result "1-0"]
[WhiteElo "1949"]
[BlackElo "1924"]
[PlyCount "83"]
[EventDate "2011.??.??"]
[WhiteTeam "SV Jenapharm Jena"]
[BlackTeam "SC Suhl"]

1. Nf3 d5 2. g3 Nf6 3. Bg2 c6 4. O-O Bg4 5. d3 Nbd7 6. Nbd2 e5 7. e4 dxe4 8.
dxe4 Bc5 9. Qe2 O-O 10. Nc4 Qe7 11. Ne3 Bh5 12. Nf5 Qe6 13. Bh3 Kh8 14. Kg2
Bxf3+ 15. Qxf3 Qc4 16. Nxg7 Kxg7 17. Bxd7 Nxd7 18. Qg4+ Kh8 19. Qxd7 Qxe4+ 20.
Kg1 Rad8 21. Qxb7 Bxf2+ 22. Kxf2 Qxc2+ 23. Kg1 Qc5+ 24. Kg2 Qc2+ 25. Kh3 Qg6
26. Qe7 f6 27. Be3 Qh5+ 28. Kg2 Qe2+ 29. Bf2 Qxb2 30. Rad1 Rde8 31. Qxa7 Ra8
32. Qe7 Rae8 33. Qd7 Qxa2 34. Qxc6 Rc8 35. Qe4 Qe6 36. Rd5 Rce8 37. Re1 Rf7 38.
Bc5 Rc8 39. Kg1 Qa6 40. Red1 Qa5 41. Bf2 Qc7 42. Qf5 1-0

[Event "Thüringenliga 2011/2012"]
[Site "?"]
[Date "2012.02.05"]
[Round "6"]
[White "Müller, Bernd"]
[Black "Zipfel, Frank"]
[Result "0-1"]
[WhiteElo "1738"]
[BlackElo "1998"]
[PlyCount "98"]
[EventDate "2011.??.??"]
[WhiteTeam "SC Suhl"]
[BlackTeam "SV Jenapharm Jena"]

1. e4 d5 2. exd5 Qxd5 3. Nc3 Qa5 4. b4 Qxb4 5. Rb1 Qd6 6. g3 Nf6 7. d4 a6 8.
Bg2 Nc6 9. Bf4 Qd8 10. Nf3 e6 11. O-O Be7 12. Qd2 O-O 13. Rfd1 Nd5 14. Ne4 b5
15. c3 Na5 16. Ne5 f6 17. Nd3 Nc4 18. Qe1 Re8 19. Nec5 Bd6 20. Bd2 c6 21. f4
Bd7 22. Nb7 Qc7 23. Nxd6 Qxd6 24. Nc5 e5 25. Qf2 Nxd2 26. dxe5 fxe5 27. Rxd2
exf4 28. Rbd1 Bg4 29. Bxd5+ cxd5 30. Rxd5 Qe7 31. R1d4 Qe1+ 32. Qxe1 Rxe1+ 33.
Kf2 Re2+ 34. Kg1 Bh3 35. Rd8+ Rxd8 36. Rxd8+ Kf7 37. gxf4 Rg2+ 38. Kh1 Rxa2 39.
Rd1 a5 40. Nd3 a4 41. Nb4 Rb2 42. Ra1 Kf6 43. Kg1 Rg2+ 44. Kh1 Kf5 45. Rg1
Rxg1+ 46. Kxg1 Kxf4 47. Kf2 Bf5 48. Nd5+ Ke5 49. Nb4 Bb1 0-1

[Event "Thüringenliga 2011/2012"]
[Site "?"]
[Date "2012.02.05"]
[Round "6"]
[White "Mißbach, Bernd"]
[Black "Will, Ralph"]
[Result "0-1"]
[WhiteElo "1954"]
[BlackElo "1726"]
[PlyCount "90"]
[EventDate "2011.??.??"]
[WhiteTeam "SV Jenapharm Jena"]
[BlackTeam "SC Suhl"]

1. Nf3 d5 2. g3 g6 3. Bg2 Bg7 4. O-O Nf6 5. c4 c6 6. cxd5 cxd5 7. Nc3 O-O 8. d3
Nc6 9. Bg5 h6 10. Bf4 Nh5 11. Bd2 Nf6 12. Rc1 Be6 13. b3 Qd7 14. Nb5 Rac8 15.
Rc2 a6 16. Nbd4 Nxd4 17. Nxd4 Rxc2 18. Qxc2 Rc8 19. Qb1 Bh3 20. Nf3 Bxg2 21.
Kxg2 Kh7 22. Rc1 Ng4 23. d4 e5 24. dxe5 Nxe5 25. Nxe5 Bxe5 26. Rxc8 Qxc8 27.
Qd3 Qc6 28. Qe3 d4+ 29. Qf3 Qxf3+ 30. Kxf3 f5 31. h3 Kg7 32. g4 h5 33. Bf4 Kf6
34. Bd2 Ke6 35. gxh5 gxh5 36. Bf4 Kd5 37. Kg3 Ke6 38. Bxe5 Kxe5 39. f3 b6 40.
b4 a5 41. bxa5 bxa5 42. h4 a4 43. a3 f4+ 44. Kf2 Kd5 45. Ke1 Kc4 0-1

[Event "Thüringenliga 2011/2012"]
[Site "?"]
[Date "2012.02.05"]
[Round "6"]
[White "Fuhrmann, Christian"]
[Black "Skarus, Steffen"]
[Result "0-1"]
[WhiteElo "1803"]
[BlackElo "1873"]
[PlyCount "80"]
[EventDate "2011.??.??"]
[WhiteTeam "SC Suhl"]
[BlackTeam "SV Jenapharm Jena"]

1. d4 d5 2. c4 c6 3. Nc3 Nf6 4. Nf3 g6 5. e3 Bg7 6. cxd5 cxd5 7. Bd3 O-O 8. O-O
Bg4 9. h3 Bxf3 10. Qxf3 Nc6 11. Qe2 Rc8 12. a3 Ne8 13. Bd2 e6 14. b4 Nd6 15.
Rfc1 Re8 16. Ra2 Re7 17. Rac2 Rec7 18. Na4 e5 19. dxe5 Nxe5 20. Rxc7 Rxc7 21.
Rd1 Ndc4 22. Bxc4 dxc4 23. Bc3 Qe8 24. Nb2 b5 25. Rd5 Nf3+ 26. gxf3 Bxc3 27.
Nd1 Bg7 28. Qc2 Rd7 29. Nc3 Bxc3 30. Rxd7 Qxd7 31. Qxc3 Qxh3 32. Qf6 Qf5 33.
Qd8+ Kg7 34. Qd4+ Qf6 35. Qxa7 Qxf3 36. Qc5 Qf5 37. Qd4+ f6 38. Kf1 Qd3+ 39.
Qxd3 cxd3 40. Ke1 h5 0-1

[Event "Thüringenliga 2011/2012"]
[Site "?"]
[Date "2012.02.05"]
[Round "6"]
[White "Buckan, Jens"]
[Black "Buring, Matthias"]
[Result "1/2-1/2"]
[WhiteElo "1956"]
[BlackElo "1930"]
[PlyCount "38"]
[EventDate "2011.??.??"]
[WhiteTeam "SV Empor Erfurt"]
[BlackTeam "SG Arnstadt-Stadtilm"]

1. e4 d5 2. exd5 Nf6 3. Bb5+ Bd7 4. Bxd7+ Qxd7 5. c4 c6 6. Nf3 cxd5 7. cxd5
Nxd5 8. O-O Nc6 9. Nc3 e6 10. d4 Rd8 11. Ne4 Be7 12. Bd2 Nf6 13. Nc5 Qc8 14.
Qa4 O-O 15. Rac1 Bxc5 16. dxc5 e5 17. Bc3 Qf5 18. b4 e4 19. Nd2 Nd5 1/2-1/2

[Event "Thüringenliga 2011/2012"]
[Site "?"]
[Date "2012.02.05"]
[Round "6"]
[White "Seidel, Thomas"]
[Black "Pichl, Michael"]
[Result "0-1"]
[WhiteElo "1945"]
[BlackElo "1991"]
[PlyCount "76"]
[EventDate "2011.??.??"]
[WhiteTeam "SG Arnstadt-Stadtilm"]
[BlackTeam "SV Empor Erfurt"]

1. e4 c5 2. Bc4 Nc6 3. Ne2 g6 4. d3 Bg7 5. Nbc3 e6 6. Be3 Nd4 7. O-O Ne7 8. Rb1
O-O 9. Nf4 b6 10. a3 Bb7 11. Nce2 d5 12. exd5 exd5 13. Bxd4 cxd4 14. Bb3 Nf5
15. Ng3 Nh4 16. Nh3 Qd7 17. f4 Rae8 18. f5 Be5 19. Qg4 Bxg3 20. hxg3 Nxf5 21.
Nf4 Re3 22. Nh5 Qe6 23. Qf4 Re2 24. Rf3 Ne3 25. Nf6+ Kg7 26. g4 Rxg2+ 27. Kh1
Rxg4 28. Nxg4 Nxg4 29. Qxd4+ f6 30. Rbf1 h5 31. Kg1 Re8 32. c4 dxc4 33. Bxc4
Qe2 34. R3f2 Nxf2 35. Rxf2 Qe1+ 36. Kh2 Qh1+ 37. Kg3 Qg1+ 38. Kh3 Bc8+ 0-1

[Event "Thüringenliga 2011/2012"]
[Site "?"]
[Date "2012.02.05"]
[Round "6"]
[White "Taudte, Stefan"]
[Black "Sauer, Marko"]
[Result "0-1"]
[WhiteElo "2000"]
[BlackElo "1929"]
[PlyCount "98"]
[EventDate "2011.??.??"]
[WhiteTeam "SV Empor Erfurt"]
[BlackTeam "SG Arnstadt-Stadtilm"]

1. d4 Nf6 2. c4 e6 3. Nc3 d5 4. Bg5 Be7 5. e3 Nbd7 6. c5 c6 7. b4 e5 8. Nf3 e4
9. Nd2 Nf8 10. f3 exf3 11. Qxf3 Ne6 12. Bh4 O-O 13. Bd3 h6 14. O-O Ng5 15. Bxg5
hxg5 16. Ne2 Bg4 17. Qf2 Be6 18. Ng3 Ng4 19. Qe2 Qc7 20. Bc2 Rae8 21. Rf3 f5
22. h3 Nh6 23. Raf1 g6 24. Nh1 g4 25. hxg4 Nxg4 26. Rh3 Bg5 27. Qd3 Bxe3+ 28.
Nf2 Bxf2+ 29. Rxf2 Nxf2 30. Kxf2 Qf4+ 31. Rf3 Qh4+ 32. Kg1 Bd7 33. Rf1 Re1 34.
Nf3 Rxf1+ 35. Kxf1 Qf4 36. Kg1 Kg7 37. Ne5 Be6 38. a4 a6 39. Nf3 Re8 40. Bd1
Bc8 41. Ne5 Rh8 42. Nf3 g5 43. Ne5 Qh4 44. Kf1 Qf4+ 45. Kg1 Rh6 46. Nf3 g4 47.
Ne5 g3 48. Nf3 Re6 49. b5 Re1+ 0-1

[Event "Thüringenliga 2011/2012"]
[Site "?"]
[Date "2012.02.05"]
[Round "6"]
[White "Bächer, Reinhard"]
[Black "Wahlicht, Mike"]
[Result "1-0"]
[WhiteElo "1881"]
[BlackElo "1880"]
[PlyCount "71"]
[EventDate "2011.??.??"]
[WhiteTeam "SG Arnstadt-Stadtilm"]
[BlackTeam "SV Empor Erfurt"]

1. e4 c5 2. Nf3 Nc6 3. d4 cxd4 4. Nxd4 Nf6 5. Nc3 e5 6. Ndb5 d6 7. Bg5 a6 8.
Na3 b5 9. Bxf6 gxf6 10. Nd5 Bg7 11. c3 O-O 12. Nc2 Ne7 13. Nce3 Nxd5 14. Nxd5
f5 15. exf5 Bxf5 16. a4 Be6 17. axb5 axb5 18. Rxa8 Qxa8 19. Nc7 Qe4+ 20. Be2
Bc4 21. b3 Bxe2 22. Qxe2 Qxg2 23. Rf1 Qc6 24. Nxb5 Ra8 25. Qd3 e4 26. Qc4 Qa6
27. Ke2 Rc8 28. Qa4 Qb6 29. Rd1 Be5 30. Rd5 f5 31. c4 Kf7 32. Nxd6+ Bxd6 33.
Qd7+ Kg8 34. Qxc8+ Bf8 35. Rxf5 Qd6 36. Rxf8+ 1-0

[Event "Thüringenliga 2011/2012"]
[Site "?"]
[Date "2012.02.05"]
[Round "6"]
[White "Renner, Wolfgang"]
[Black "Marufke, Kai"]
[Result "1/2-1/2"]
[WhiteElo "1764"]
[BlackElo "1829"]
[PlyCount "87"]
[EventDate "2011.??.??"]
[WhiteTeam "SV Empor Erfurt"]
[BlackTeam "SG Arnstadt-Stadtilm"]

1. Nf3 f5 2. g3 Nf6 3. Bg2 e6 4. c4 Be7 5. Nc3 O-O 6. O-O d5 7. cxd5 exd5 8.
Qb3 c6 9. d3 Qb6 10. Nd2 Nbd7 11. e4 fxe4 12. dxe4 Qxb3 13. Nxb3 dxe4 14. Nxe4
Nxe4 15. Bxe4 Nc5 16. Nxc5 Bxc5 17. Bf4 Bh3 18. Bg2 Bxg2 19. Kxg2 Rae8 20. Rac1
Bd4 21. Rc2 Re6 22. b4 Rfe8 23. Rd1 Bf6 24. Be3 b6 25. Rd7 R6e7 26. Rxe7 Bxe7
27. Rxc6 Bxb4 28. Rc7 Re7 29. Rc4 Bd6 30. Kf3 Kf7 31. h3 Rc7 32. Rxc7+ Bxc7 33.
Ke4 Ke6 34. f4 g6 35. g4 Bd8 36. f5+ gxf5+ 37. gxf5+ Kf6 38. h4 Bc7 39. Bg5+
Kf7 40. Kd5 Bg3 41. Kc6 Bf2 42. a4 a6 43. Bd8 b5 44. axb5 1/2-1/2

[Event "Thüringenliga 2011/2012"]
[Site "?"]
[Date "2012.02.05"]
[Round "6"]
[White "Schätz, Bianca"]
[Black "Streichardt, Niklas"]
[Result "1-0"]
[WhiteElo "1785"]
[BlackElo "1338"]
[PlyCount "89"]
[EventDate "2011.??.??"]
[WhiteTeam "SG Arnstadt-Stadtilm"]
[BlackTeam "SV Empor Erfurt"]

1. d4 d5 2. Nf3 Nf6 3. e3 Bg4 4. h3 Bh5 5. g4 Bg6 6. Ne5 c6 7. Nxg6 hxg6 8. c4
Nbd7 9. cxd5 Qa5+ 10. Nc3 Nxd5 11. Bd2 Nxc3 12. bxc3 Qd5 13. f3 f5 14. c4 Qd6
15. f4 g5 16. gxf5 gxf4 17. Qf3 fxe3 18. Qxe3 Rh4 19. Bc3 Nf6 20. Bg2 Nh5 21.
Rf1 Nf4 22. Rf2 Nxg2+ 23. Rxg2 Qf4 24. Qxf4 Rxf4 25. Rf2 Rh4 26. Rf3 c5 27.
dxc5 Rxc4 28. Rb1 O-O-O 29. Bb4 Rdd4 30. a3 Kc7 31. Rbb3 Rc1+ 32. Kf2 Kc6 33.
Rbd3 Rd1 34. Rxd4 Rxd4 35. Ke3 Rd5 36. Ke4 a5 37. Bxa5 Rxc5 38. Bb4 Rc4+ 39.
Ke5 Rc2 40. Ke6 g5 41. fxg6 Bh6 42. Rc3+ Rxc3 43. Bxc3 Kb5 44. g7 Bxg7 45. Bxg7
1-0

[Event "Thüringenliga 2011/2012"]
[Site "?"]
[Date "2012.02.05"]
[Round "6"]
[White "Thiemann, Jürgen"]
[Black "Schumacher, Andreas"]
[Result "0-1"]
[WhiteElo "1705"]
[BlackElo "1688"]
[PlyCount "62"]
[EventDate "2011.??.??"]
[WhiteTeam "SV Empor Erfurt"]
[BlackTeam "SG Arnstadt-Stadtilm"]

1. d4 g6 2. c4 Bg7 3. Nc3 Nf6 4. e4 d6 5. Be2 O-O 6. Bg5 Nc6 7. Nf3 h6 8. Bc1
e5 9. d5 Ne7 10. Nd2 Nh7 11. O-O f5 12. f4 exf4 13. Rxf4 g5 14. Rf1 f4 15. Bg4
Ng6 16. Nb3 b6 17. Nd4 Bxg4 18. Qxg4 Bxd4+ 19. Kh1 Qe7 20. Bd2 Nf6 21. Qe2 Bxc3
22. Bxc3 Qxe4 23. Rae1 Qxe2 24. Rxe2 Ng4 25. Re6 N4e5 26. b3 Rae8 27. Rxe8 Rxe8
28. Kg1 Ng4 29. g3 Re2 30. gxf4 Nxf4 31. h4 Nh3+ 0-1

[Event "Thüringenliga 2011/2012"]
[Site "?"]
[Date "2012.02.05"]
[Round "6"]
[White "Widmann, Benjamin"]
[Black "Strauch, Martin"]
[Result "0-1"]
[WhiteElo "1758"]
[BlackElo "1731"]
[PlyCount "54"]
[EventDate "2011.??.??"]
[WhiteTeam "SG Arnstadt-Stadtilm"]
[BlackTeam "SV Empor Erfurt"]

1. c4 d6 2. Nc3 g6 3. Nf3 Bg7 4. g3 e5 5. Bg2 Nc6 6. d3 Bg4 7. h3 Be6 8. Rb1
Nf6 9. Bg5 O-O 10. Ne4 d5 11. Nxf6+ Bxf6 12. Bxf6 Qxf6 13. Qb3 dxc4 14. Qxb7
Nd4 15. Nxd4 exd4 16. dxc4 Bxc4 17. b3 Rab8 18. Qxc7 Bxe2 19. Kxe2 Rfc8 20. Qf4
Qa6+ 21. Kf3 Rc3+ 22. Kg4 Qe6+ 23. Kh4 Rb5 24. Qh6 Rh5+ 25. Qxh5 gxh5 26. Rhe1
Qf6+ 27. Kxh5 Rc5+ 0-1

[Event "Thüringenliga 2011/2012"]
[Site "?"]
[Date "2012.02.05"]
[Round "6"]
[White "Kuntze, Andreas"]
[Black "Schneider, Christian"]
[Result "0-1"]
[WhiteElo "2025"]
[BlackElo "2199"]
[PlyCount "46"]
[EventDate "2011.??.??"]
[WhiteTeam "SC 51 Nordhausen"]
[BlackTeam "SG Blau-Weiß Stadtilm"]

1. e4 c6 2. Nf3 d5 3. exd5 cxd5 4. Ne5 Nc6 5. d4 Nf6 6. c3 e6 7. Bd3 Nxe5 8.
dxe5 Nd7 9. Qe2 Qc7 10. f4 Bc5 11. Be3 Qb6 12. Bxc5 Nxc5 13. b3 Bd7 14. Nd2 Rc8
15. Rc1 O-O 16. Bb1 Bb5 17. c4 dxc4 18. Nxc4 Bxc4 19. Rxc4 Rfd8 20. Qf2 Qa5+
21. b4 Qb5 22. Qe2 Nd3+ 23. Bxd3 Rxc4 0-1

[Event "Thüringenliga 2011/2012"]
[Site "?"]
[Date "2012.02.05"]
[Round "6"]
[White "Siebarth, Raiko"]
[Black "Koksch, Robert"]
[Result "1-0"]
[WhiteElo "2189"]
[BlackElo "1931"]
[PlyCount "75"]
[EventDate "2011.??.??"]
[WhiteTeam "SG Blau-Weiß Stadtilm"]
[BlackTeam "SC 51 Nordhausen"]

1. e4 c6 2. Nc3 d5 3. f4 dxe4 4. Nxe4 Nd7 5. Qe2 Ndf6 6. Nf2 g6 7. Nf3 Bg7 8.
g3 Nh6 9. Bg2 O-O 10. O-O Qc7 11. d4 Be6 12. c4 Rad8 13. b3 Nfg4 14. Bb2 Nxf2
15. Qxf2 Bc8 16. Ne5 e6 17. Rad1 Qb6 18. Kh1 Rfe8 19. Bc3 Qc7 20. c5 Re7 21.
Qe1 Rf8 22. Nc4 f6 23. Ba5 Qd7 24. Rf2 Ng4 25. Re2 f5 26. d5 cxd5 27. Rxd5 exd5
28. Rxe7 Qc6 29. Bc3 Bxc3 30. Qxc3 Nf6 31. Qd4 Be6 32. Nd6 Bc8 33. b4 b6 34.
Rxa7 bxc5 35. bxc5 Bd7 36. h3 Ne4 37. Nxe4 fxe4 38. Bxe4 1-0

[Event "Thüringenliga 2011/2012"]
[Site "?"]
[Date "2012.02.05"]
[Round "6"]
[White "George, Tom"]
[Black "Reichardt, Hans-Ulrich"]
[Result "1-0"]
[WhiteElo "1806"]
[BlackElo "1701"]
[PlyCount "79"]
[EventDate "2011.??.??"]
[WhiteTeam "SG Blau-Weiß Stadtilm"]
[BlackTeam "SC 51 Nordhausen"]

1. Nc3 Nf6 2. e4 d6 3. Bc4 e5 4. f4 Bg4 5. Nf3 Nbd7 6. d3 c6 7. Bb3 Be7 8. O-O
O-O 9. h3 Bxf3 10. Qxf3 Nc5 11. Be3 Nxb3 12. axb3 a6 13. Ne2 Nd7 14. Ng3 exf4
15. Qxf4 Ne5 16. Nf5 Ng6 17. Qg3 Bf6 18. d4 c5 19. Rad1 cxd4 20. Bxd4 Kh8 21.
Qxd6 Bxd4+ 22. Qxd4 Qxd4+ 23. Rxd4 Rae8 24. Rd7 Rxe4 25. Rxb7 Re2 26. Rf2 Re1+
27. Rf1 Re2 28. Rf2 Re1+ 29. Kh2 Ne5 30. Ra7 g6 31. Ng3 Kg7 32. Rxa6 f5 33. Re2
Rxe2 34. Nxe2 f4 35. Ra7+ Kh6 36. Ng1 Rd8 37. Re7 Nc6 38. Re2 Nd4 39. Rd2 Nf3+
40. Nxf3 1-0

[Event "Thüringenliga 2011/2012"]
[Site "?"]
[Date "2012.02.05"]
[Round "6"]
[White "Koksch, Florian"]
[Black "Siebarth, Marco"]
[Result "0-1"]
[WhiteElo "1692"]
[BlackElo "1981"]
[PlyCount "62"]
[EventDate "2011.??.??"]
[WhiteTeam "SC 51 Nordhausen"]
[BlackTeam "SG Blau-Weiß Stadtilm"]

1. e4 c5 2. Nf3 Nc6 3. d4 cxd4 4. Nxd4 Nf6 5. Nc3 e5 6. Ndb5 d6 7. Bg5 a6 8.
Na3 b5 9. Nd5 Be7 10. Bxf6 Bxf6 11. c3 Ne7 12. Ne3 Bb7 13. f3 O-O 14. Nac2 Bg5
15. a4 Qb6 16. Qd3 bxa4 17. Nc4 Qc7 18. Qxd6 Qxd6 19. Nxd6 Bc6 20. Nb4 Rfd8 21.
Rd1 Rd7 22. Be2 Rad8 23. Nxc6 Nxc6 24. Nc4 Be7 25. Rxd7 Rxd7 26. Bd1 a3 27.
bxa3 Rd3 28. Ba4 Rxc3 29. Nb2 Nd4 30. Kd2 Rxa3 31. Rc1 Bg5+ 0-1

[Event "Thüringenliga 2011/2012"]
[Site "?"]
[Date "2012.02.05"]
[Round "6"]
[White "Schröter, Maik"]
[Black "Königsmann, Marcus"]
[Result "1/2-1/2"]
[WhiteElo "1695"]
[BlackElo "1887"]
[PlyCount "47"]
[EventDate "2011.??.??"]
[WhiteTeam "SG Blau-Weiß Stadtilm"]
[BlackTeam "SC 51 Nordhausen"]

1. e4 c5 2. Nf3 Nc6 3. d4 cxd4 4. Nxd4 Nf6 5. Nc3 e6 6. Nxc6 bxc6 7. e5 Nd5 8.
Nxd5 cxd5 9. Bd3 d6 10. Qe2 Be7 11. Bb5+ Bd7 12. Bxd7+ Qxd7 13. exd6 Qxd6 14.
Qb5+ Qd7 15. Qxd7+ Kxd7 16. Be3 Rhc8 17. c3 Rc4 18. O-O g5 19. Rfd1 a5 20. Rac1
Bf6 21. Bd4 e5 22. b3 Rc6 23. Be3 Ke6 24. Bd2 1/2-1/2